Những xét nghiệm hóa sinh hiện đại sử dụng trong lâm sàng
Nội dung quyển sách cập nhật về các xét nghiệm hóa sinh, đồng thời phân tích các ưu nhược điểm của từng xét nghiệm hóa sinh, nguyên tắc và phương pháp định lượng chúng
محفوظ في:
| المؤلف الرئيسي: | |
|---|---|
| مؤلفون آخرون: | , , |
| التنسيق: | كتاب |
| اللغة: | Vietnamese |
| منشور في: |
H.
Y học
2015
|
| الطبعة: | Tái bản lần thứ 1, có sữa chữa, bổ sung |
| الموضوعات: | |
| الوسوم: |
إضافة وسم
لا توجد وسوم, كن أول من يضع وسما على هذه التسجيلة!
|
| Thư viện lưu trữ: | Thư viện Trường Đại học Nam Cần Thơ |
|---|
| LEADER | 02751nam a22003497a 4500 | ||
|---|---|---|---|
| 001 | NCT_35294 | ||
| 008 | 180515b xxu||||| |||| 00| 0 vie d | ||
| 999 | |c 1704 |d 1704 | ||
| 020 | |a 9786046613305 |c 200000 | ||
| 082 | 0 | 4 | |2 23rd ed. |a 616.0756 |b Tr561 |
| 100 | 1 | |a Lê Xuân Trường |e Chủ biên | |
| 245 | 1 | 0 | |a Những xét nghiệm hóa sinh hiện đại sử dụng trong lâm sàng |c Lê Xuân Trường (chủ biên) |
| 250 | |a Tái bản lần thứ 1, có sữa chữa, bổ sung | ||
| 260 | |a H. |b Y học |c 2015 | ||
| 300 | |a 209 tr. |b Minh họa |c 24cm | ||
| 520 | 3 | |a Nội dung quyển sách cập nhật về các xét nghiệm hóa sinh, đồng thời phân tích các ưu nhược điểm của từng xét nghiệm hóa sinh, nguyên tắc và phương pháp định lượng chúng | |
| 653 | |a Xét nghiệm y học | ||
| 700 | 1 | |a Nguyễn Thị Băng Sương |e Biên soạn | |
| 700 | 1 | |a Đỗ Thị Thanh Thủy |e Biên soạn | |
| 700 | 1 | |a Trần Thành Vinh |e Biên soạn | |
| 942 | |2 ddc |c BK | ||
| 952 | |0 0 |1 0 |2 ddc |4 0 |6 616_075600000000000_TR561 |7 0 |9 8141 |a 000001 |b 000001 |d 2018-05-15 |o 616.0756 Tr561 |p MD.09116 |r 2018-05-15 |v 200000.00 |w 2018-05-15 |y BK | ||
| 952 | |0 0 |1 0 |2 ddc |4 0 |6 616_075600000000000_TR561 |7 0 |9 8142 |a 000001 |b 000001 |d 2018-05-15 |o 616.0756 Tr561 |p MD.09117 |r 2018-05-15 |v 200000.00 |w 2018-05-15 |y BK | ||
| 952 | |0 0 |1 0 |2 ddc |4 0 |6 616_075600000000000_TR561 |7 0 |9 8143 |a 000001 |b 000001 |d 2018-05-15 |o 616.0756 Tr561 |p MD.09118 |r 2020-11-07 |v 200000.00 |w 2018-05-15 |y BK | ||
| 952 | |0 0 |1 0 |2 ddc |4 0 |6 616_075600000000000_TR561 |7 0 |9 8144 |a 000001 |b 000001 |d 2018-05-15 |o 616.0756 Tr561 |p MD.09119 |r 2018-05-15 |v 200000.00 |w 2018-05-15 |y BK | ||
| 952 | |0 0 |1 0 |2 ddc |4 0 |6 616_075600000000000_TR561 |7 0 |9 8145 |a 000001 |b 000001 |d 2018-05-15 |o 616.0756 Tr561 |p MD.09120 |r 2018-05-15 |v 200000.00 |w 2018-05-15 |y BK | ||
| 952 | |0 0 |1 0 |2 ddc |4 0 |6 616_075600000000000_TR561 |7 0 |9 18822 |a 000001 |b 000001 |d 2020-02-24 |o 616.0756 Tr561 |p MD.16478 |r 2020-10-08 |v 250000.00 |w 2020-02-24 |y BK | ||
| 952 | |0 0 |1 0 |2 ddc |4 0 |6 616_075600000000000_TR561 |7 0 |9 18823 |a 000001 |b 000001 |d 2020-02-24 |o 616.0756 Tr561 |p MD.16479 |r 2020-02-24 |v 250000.00 |w 2020-02-24 |y BK | ||
| 952 | |0 0 |1 0 |2 ddc |4 0 |6 616_075600000000000_TR561 |7 0 |9 18824 |a 000001 |b 000001 |d 2020-02-24 |o 616.0756 Tr561 |p MD.16480 |r 2020-02-24 |v 250000.00 |w 2020-02-24 |y BK | ||
| 952 | |0 0 |1 0 |2 ddc |4 0 |6 616_075600000000000_TR561 |7 0 |9 18825 |a 000001 |b 000001 |d 2020-02-24 |o 616.0756 Tr561 |p MD.16481 |r 2020-02-24 |v 250000.00 |w 2020-02-24 |y BK | ||
| 952 | |0 0 |1 0 |2 ddc |4 0 |6 616_075600000000000_TR561 |7 0 |9 18826 |a 000001 |b 000001 |d 2020-02-24 |o 616.0756 Tr561 |p MD.16482 |r 2020-02-24 |v 250000.00 |w 2020-02-24 |y BK | ||
| 980 | |a Thư viện Trường Đại học Nam Cần Thơ | ||


